000 00818cam a2200217 i 4500
005 20251108173117.0
008 250721s2002 ua a gr 000 0 ara d
020 _a9775753688
082 1 4 _a006.6
_bع ط ا
100 1 _aأبو العطا، مجدي محمد
_eمؤلف.
245 1 2 _aالمرجع الأساسي لمستخدمي FLASH 5 /
_cمجدي محمد أبو العطا.
250 _aالطبعة الأولى.
264 1 _aالقاهرة :
_bكمبيوساينس للعلوم،
_c2002.
300 _a534 صفحة.
490 0 _aسلسلة تيسير علوم الحاسب ؛
_vرقم 78.
650 1 7 _aالرسم بمساعدة الحاسوب.
650 1 7 _aبرامج الحاسوب.
830 0 _aسلسلة تيسير علوم الحاسب.
942 _2ddc
_cBK
999 _c96271
_d96271